| 000 | 01489cam a22004337a 4500 | ||
|---|---|---|---|
| 003 | CHAP | ||
| 005 | 20220329142234.0 | ||
| 008 | 000315d1997 ii r 00010 eng d | ||
| 010 | _a80376 | ||
| 011 | _a81348 | ||
| 020 | _a9290663480 | ||
| 035 | _a91817 | ||
| 040 | _cCHAP | ||
| 082 | 0 | 4 |
_a633.17 _bG65 |
| 100 | 0 | 0 |
_aGómez, M. I. _949963 |
| 245 | 1 | 0 |
_aManual of laboratory procedures for quality evaluation of sorghum and pearl millet _c/by M.I. Gomez, A.B. Obilana, D.F. Marin, M. Madzvamuse and E.S. Monyo |
| 260 |
_aAndhra Pradesh, India : _bInternational Crops Research Institute for the Semi-Arid Tropics, _c1997. |
||
| 300 | _a116 p. | ||
| 410 | _aICRISAT | ||
| 490 | 0 |
_aTechnical manual _v; 2 |
|
| 590 |
_aBATCH-UPD _b10 _c20130110 _lUCH01 _h0437 |
||
| 590 |
_aBATCH-UPD _b10 _c20130110 _lUCH01 _h2153 |
||
| 590 |
_aBATCH-UPD _b10 _c20130410 _lUCH01 _h0112 |
||
| 590 |
_aBATCH-UPD _b10 _c20130410 _lUCH01 _h1605 |
||
| 590 |
_aBATCH-UPD _b10 _c20130914 _lUCH01 _h1628 |
||
| 590 |
_aCONVERSION _b10 _c20130109 _lUCH01 _h1345 |
||
| 650 | 1 | 4 |
_aMijo perla _xAnálisis. _975667 |
| 650 | 1 | 4 |
_aSorgo _xAnálisis. _9108627 |
| 700 | 0 |
_aMadzvamuse, M. _969749 |
|
| 700 | 0 |
_aMartin, D. F. _971644 |
|
| 700 | 0 |
_aMonyo, E. S. _978025 |
|
| 700 | 0 |
_aObilana, A. B. _982513 |
|
| 810 | 0 | 0 |
_aICRISAT _957272 |
| 830 | 0 |
_aTechnical manual _v; 2 _9111890 |
|
| 901 | _aBK | ||
| 905 | _aLilia Sánchez G. | ||
| 942 | _cLIBRO | ||
| 949 |
_a633.17 G65 _bBC _cLIBRO _d33724000748711 _eLIBRO _h97121 _i91817 _sb |
||
| 999 |
_c80376 _d80376 |
||